[Event "Lleida op"]
[Site "Lleida"]
[Date "2016.04.23"]
[Round "1.2"]
[White "Sole Pijuan, Ferran"]
[Black "Pasto Bota, Alex"]
[Result "1-0"]
[WhiteElo "2062"]
[BlackElo "1780"]
[PlyCount "33"]
[EventDate "2016.04.23"]
[EventType "swiss"]
[EventRounds "9"]
[EventCountry "ESP"]
[SourceTitle "EXT 2024"]
[Source "ChessBase"]
[SourceDate "2023.10.10"]
[SourceVersion "1"]
[SourceVersionDate "2023.10.10"]
[SourceQuality "1"]

1. d4 Nf6 2. c4 e6 3. Nc3 Bb4 4. e3 b6 5. Bd3 Bb7 6. f3 c5 7. Nge2 Nc6 8. Bd2 cxd4 9. exd4 Rc8 10. 0-0 Na5 11. Nb5 Bxd2 12. Nd6+ Ke7 13. Nxc8+ Qxc8 14. Qxd2 d6 15. Rac1 Ba6 16. c5 Bxd3 17. cxd6+ 1-0

[Event "Lleida-ch B"]
[Site "La Guardia"]
[Date "2015.11.15"]
[Round "7.10"]
[White "Pasto Bota, Alex"]
[Black "Vano Perez, Jose"]
[Result "1/2-1/2"]
[WhiteElo "1711"]
[BlackElo "1815"]
[PlyCount "122"]
[EventDate "2015.09.27"]
[EventType "swiss"]
[EventRounds "9"]
[EventCountry "ESP"]
[SourceTitle "EXT 2024"]
[Source "ChessBase"]
[SourceDate "2023.10.10"]
[SourceVersion "1"]
[SourceVersionDate "2023.10.10"]
[SourceQuality "1"]

1. e4 e5 2. Nf3 Nc6 3. Bb5 d6 4. d4 Bd7 5. c3 Nf6 6. Bg5 h6 7. Bxf6 Qxf6 8. d5 Nb8 9. Qb3 b6 10. Na3 a6 11. Bxd7+ Nxd7 12. Qc4 Qd8 13. Nd2 Be7 14. 0-0 0-0 15. Nc2 Bg5 16. Nf3 Ra7 17. Nb4 Nb8 18. a4 a5 19. Nc2 f5 20. Nxg5 Qxg5 21. exf5 Rxf5 22. Ne3 Rf4 23. Qb5 Qe7 24. Rae1 Nd7 25. Nc2 Nf6 26. Nd4 Qf7 27. Nc6 Ra8 28. c4 Ng4 29. f3 Rf8 30. Qb3 h5 31. Qd3 Nh6 32. Re4 Qd7 33. Rxf4 Rxf4 34. b3 h4 35. Qg6 Rf6 36. Qg5 Nf5 37. g4 hxg3 38. hxg3 Qf7 39. g4 Ne7 40. Nd8 Qg6 41. Qxg6 Nxg6 42. Ne6 c6 43. dxc6 Rxe6 44. c7 Re8 45. Rd1 Rc8 46. Rxd6 Nf8 47. Rxb6 Rxc7 48. Rb5 Nd7 49. Rxa5 Rb7 50. Rd5 Kf7 51. Kf2 Ke6 52. Rb5 Rxb5 53. axb5 Kd6 54. Ke3 Kc5 55. Ke4 g6 56. b4+ Kxc4 57. f4 exf4 58. Kxf4 Kxb5 59. Kg5 Ne5 60. Kf6 Nxg4+ 61. Kxg6 Kxb4 1/2-1/2